Português vs inglês - Statistics

Estatísticas Gerais
  • Esse quiz foi jogado 916 vezes
  • A pontuação média é 13 de 15
Estatísticas das Respostas
Hint Resposta % Correto
Jogar Play
98%
Ir Go
97%
Maçã Apple
96%
Branco White
95%
Ser To be
92%
Verão Summer
91%
Ler Read
88%
Árvore Tree
88%
Pensar Think
85%
Escrever Write
85%
Natal Christmas
83%
Inverno Winter
81%
Primavera Spring
75%
Páscoa Easter
65%
Outuno Autumn
57%
Nenhum quiz correspondente encontrado
Distribuição das Pontuações
Porcentagem de Pessoas com Cada Pontuação
Percentil de Números Respondidos
Sua Pontuação Histórica
Você não jogou esse quiz